000 00577nam a22001817a 4500
999 _c14564
_d14564
008 191011b ||||| |||| 00| 0 eng d
020 _a978-1-98462-575-5
082 _22019
_aDC 006.69622
_bC860
245 _aCreative multimedia :
_banimation/
260 _aNew York, NY:
_b3G E-Learning,
_c©2019.
300 _ax, 243 pages :
_bcolor illustrations ;
_c24 cm
500 _aIncludes references and index.
650 _aComputer animation
_940281
650 _aComputer graphics
_940282
650 _aMultimedia animation
_940283
365 _b3,740.00
_cPhp
942 _2ddc
_cDC